000 01210cam a22003374a 4500
999 _c6220
_d6220
001 13206811
003 OSt
005 20190930124730.0
008 030521s2004 enk b 001 0 eng
010 _a 2003011678
015 _aGBA4-10816
020 _a9780415303439
035 _a(OCoLC)ocm52312387
040 _aDLC
_cDLC
_dYDX
_dUKM
_dOCLCQ
_dBAKER
_dDLC
042 _apcc
043 _ae-uk---
050 0 0 _bK55 2004
082 0 0 _a375
_221
_bKNI 2009
100 1 _aKnight, Peter; Yorke, Mantz.
_912804
245 1 0 _aLearning, Curriculum and Employability in Higher education
260 _aLondon ;
_bRoutledgeFalmer,
_c2004.
300 _ax, 241 p. ;
_c24 cm.
504 _aIncludes bibliographical references (p. [221]-233) and index.
650 0 _aEducation, Higher
_912805
650 0 _aEmployment
_912807
856 4 1 _3Table of contents only
_uhttp://www.loc.gov/catdir/toc/ecip044/2003011678.html
856 4 2 _3Publisher description
_uhttp://www.loc.gov/catdir/enhancements/fy0701/2003011678-d.html
906 _a7
_bcbc
_corignew
_d1
_eecip
_f20
_gy-gencatlg
942 _2ddc
_cO_SHELF